书目信息 |
| 题名: |
悠悠深蓝
|
|
| 作者: | 秦天 , 霍小勇 编著 | |
| 分册: | ||
| 出版信息: | 北京 新华出版社 2013 |
|
| 页数: | 313页 | |
| 开本: | 23cm | |
| 丛书名: | ||
| 单 册: | ||
| 中图分类: | E273 | |
| 科图分类: | ||
| 主题词: | 制海权--zhi hai quan--历史--中国 | |
| 电子资源: | ||
| ISBN: | 978-7-5166-0234-8 | |
| 000 | 01070nam0 22002531 450 | |
| 001 | 0116132758 | |
| 005 | 20161219100838.59 | |
| 010 | @a978-7-5166-0234-8@dCNY38.00 | |
| 100 | @a20131008d2013 em y0chiy50 ea | |
| 101 | 0 | @achi |
| 102 | @aCN@b110000 | |
| 105 | @aa z 000yy | |
| 106 | @ar | |
| 200 | 1 | @a悠悠深蓝@9you you shen lan@e中华海权史@f秦天, 霍小勇编著 |
| 210 | @a北京@c新华出版社@d2013 | |
| 215 | @a313页@c照片, 图@d23cm | |
| 330 | @a本书共分为九章,分别为中华海权历史溯源、海权之旅峰回路转、酸辛苦涩的蓝色梦幻、坚强不息的海权呼唤、蓝色疆域的奋力开创、走向深蓝的巍巍壮举、励精图治的海上进军、经略海洋的宏图大业、中华民族复兴的海权蓝图,通过史论结合的方式,回顾并反思了一个多世纪以来海洋与中国历史发展命运之间的密切联系,将中华海权的历史、现状和未来的展现在读者面前。 | |
| 517 | 1 | @a中华海权史@9zhong hua hai quan shi |
| 606 | 0 | @a制海权@9zhi hai quan@x历史@y中国 |
| 690 | @aE273@v5 | |
| 701 | 0 | @a秦天@9qin tian@f(1957~)@4编著 |
| 701 | 0 | @a霍小勇@9huo xiao yong@f(1951~)@4编著 |
| 801 | 0 | @aCN@bTANGWEI@c20160820 |
| 905 | @b0953039-43@dE273@e3@f5 | |
| 悠悠深蓝:中华海权史/秦天, 霍小勇编著.-北京:新华出版社,2013 |
| 313页:照片, 图;23cm |
| ISBN 978-7-5166-0234-8:CNY38.00 |
| 本书共分为九章,分别为中华海权历史溯源、海权之旅峰回路转、酸辛苦涩的蓝色梦幻、坚强不息的海权呼唤、蓝色疆域的奋力开创、走向深蓝的巍巍壮举、励精图治的海上进军、经略海洋的宏图大业、中华民族复兴的海权蓝图,通过史论结合的方式,回顾并反思了一个多世纪以来海洋与中国历史发展命运之间的密切联系,将中华海权的历史、现状和未来的展现在读者面前。 |
| ● |
| 相关链接 |
|
|
|
|
正题名:悠悠深蓝
索取号:E273/3
 
预约/预借
| 序号 | 登录号 | 条形码 | 馆藏地/架位号 | 状态 | 备注 |
| 1 | 0953039 | 209530391 | 第一样本阅览室/ [索取号:E273/3] | 在馆 | |
| 2 | 0953040 | 209530408 | 第一借阅区/ [索取号:E273/3] | 在馆 | |
| 3 | 0953041 | 209530417 | 第一借阅区/ [索取号:E273/3] | 在馆 | |
| 4 | 0953042 | 209530426 | 第一借阅区/ [索取号:E273/3] | 在馆 | |
| 5 | 0953043 | 209530435 | 第一借阅区/ [索取号:E273/3] | 在馆 |